Polovodičové struktury 1

Guardado en:
Detalles Bibliográficos
Autores principales: Peslar, Vít (Autor), Vrba, Radimír (Autor)
Formato: Libro
Lenguaje:checo
Publicado: Brno : Vysoké učení technické v Brně, 1983
Edición:1.vyd.
Etiquetas: Agregar Etiqueta
Sin Etiquetas, Sea el primero en etiquetar este registro!

MARC

LEADER 00000nam a22000003a 4500
001 stu24944
005 20150617225741.8
008 980223s1983------------------------cze-d
040 |a STU  |b slo 
041 0 |a cze 
100 1 |a Peslar, Vít  |4 aut 
245 1 |a Polovodičové struktury 1 
250 |a 1.vyd. 
260 |a Brno :  |b Vysoké učení technické v Brně,  |c 1983 
300 |a 152 s 
700 1 |a Vrba, Radimír  |4 aut 
996 |b 284ES17062  |c E*S-38266  |l EE01  |s A  |a 24  |w stu24944_0001